00625nam a2200181 4500001000700000003000900007005001700016007000300033008004100036100003100077245008900108260003700197300002600234700002400260852002100284999001900305952011900324126414ES-MaACL20230906192821.0t|070214s1906 fr r ||||1| fre d1 aRenouvier, Charles.99623510aCritique de la doctrine de Kant / cpar Charles Renouvier ; publié par Louis Prat. aParis : bFélix Alcan, c1906. aIV, 440 p. ; c23 cm.1 aPrat, Louis.993668 aES-MaACLjB-7048 c126414d126414 00104070aATENEOMbATENEOMcSPBd2008-01-17eSCl0oB-7048p1131667r2023-02-23 00:00:00w2023-02-23yMONOGRAFIA